000
00302nam a2200121Ia 4500
008
180730s9999||||xx |||||||||||||| ||und||
082
_a
347.09
_b
PRA/R
100
_a
Prasad, R. U. S.
245
0
_a
Resolving Dispute in Telecommunications
260
_a
New Delhi
_b
Oxford
_c
2011
300
_a
197
942
_c
BK
999
_c
540
_d
540